|
|
|
|
| LEADER |
01147nam a2200313 a 4500 |
| 001 |
1135 |
| 003 |
BD-DhAAL |
| 008 |
150909s1998 njua b 001 0 eng |
| 010 |
|
|
|a 97005622
|
| 020 |
|
|
|a 812031039X
|
| 020 |
|
|
|a 8120315855
|
| 020 |
|
|
|a 0138596875 (hardcover)
|
| 040 |
|
|
|a DLC
|c DLC
|d DLC
|d BD-DhAAL
|
| 050 |
0 |
0 |
|a HG4026
|b .V36 1998
|
| 082 |
0 |
0 |
|a 658.15
|2 21
|
| 100 |
1 |
|
|a Van Horne, James C.
|9 14514
|
| 245 |
1 |
0 |
|a Fundamentals of financial management /
|c James C. Van Horne, John M. Wachowicz, Jr.
|
| 250 |
|
|
|a 9th ed.
|
| 260 |
|
|
|a Upper Saddle River, N.J. ;
|a New Delhi :
|b Prentice Hall,
|c c1998.
|
| 300 |
|
|
|a xviii, 763 p. :
|b ill. ;
|c 26 cm.
|
| 500 |
|
|
|a Includes one calculator guide for financial management.
|
| 504 |
|
|
|a Includes bibliographical references and index.
|
| 541 |
|
|
|e 1135
|
| 650 |
|
0 |
|a Corporations
|x Finance.
|9 14515
|
| 650 |
|
0 |
|a Business enterprises
|x Finance.
|9 1636
|
| 700 |
1 |
|
|a Wachowicz, John Martin.
|9 14516
|
| 942 |
|
|
|2 ddc
|c BK
|
| 999 |
|
|
|c 35485
|d 35485
|
| 952 |
|
|
|0 0
|1 0
|2 ddc
|4 0
|6 658_150000000000000_VAN
|7 0
|9 55813
|a SCL
|b SCL
|c GEN
|d 2015-09-09
|g 348.00
|l 0
|o 658.15 VAN
|p 3020001135
|r 2015-09-09
|t 1
|w 2015-09-09
|y BK
|